- Grusin, B. A.: A történelmi folyamat megismerésének logikája. Moszkva, 1961.
Elmentve itt :
| Szerző: | |
|---|---|
| Adatforrás: | Philobibl |
| Forrásdokumentuma: | Magyar Filozófiai Szemle 6 1962/4., 598-600. p. |
| Dokumentumtípus: | Cikk |
| Nyelv: | magyar |
| LEADER | 00348nab a2200097 c 4500 | ||
|---|---|---|---|
| 001 | bibDOK00007212 | ||
| 005 | 20200924120308.5 | ||
| 008 | 060518s1962 hu hun | ||
| 100 | 1 | |a Balogh József | |
| 245 | 1 | 0 | |a - Grusin, B. A.: A történelmi folyamat megismerésének logikája. Moszkva, 1961. |c Balogh József |
| 773 | 0 | |t Magyar Filozófiai Szemle 6 |g 1962/4., 598-600. p. | |